Kashmir: Beyond Article 370/ (Record no. 177897)

MARC details
000 -LEADER
fixed length control field 00633nam a22001817a 4500
005 - DATE AND TIME OF LATEST TRANSACTION
control field 20210309173642.0
010 ## - LCCN (DPL NO)
LC control number ENG-129185
020 ## - INTERNATIONAL STANDARD BOOK NUMBER
Terms of availability 595.00
International Standard Book Number 978-81-942837-9-9
035 ## - SYSTEM CONTROL NUMBER
System control number EN-112717
037 ## - SOURCE OF ACQUISITION
Source of stock number/acquisition DBAD/PUB
082 ## - DEWEY DECIMAL CLASSIFICATION NUMBER
Classification number 954.6053
100 ## - MAIN ENTRY--PERSONAL NAME
Personal name Assad, Bashir
245 ## - TITLE STATEMENT
Title Kashmir: Beyond Article 370/
Statement of responsibility, etc Bashir Assad
260 ## - PUBLICATION, DISTRIBUTION, ETC. (IMPRINT)
Place of publication, distribution, etc New Delhi
Name of publisher, distributor, etc Pentagon Press LLP
Date of publication, distribution, etc 2020
270 ## - ADDRESS
City New Delhi
Postal code 110049
Address 206, Peacock Lane, Shahpur Jat
Telephone number 011-64706243, 26491568
Electronic mail address rajan@pentagonpress.in
300 ## - PHYSICAL DESCRIPTION
Extent xvi+177p.
Dimensions 23cm(hbk)
Other physical details Including bibliographical references and index.
942 ## - ADDED ENTRY ELEMENTS (KOHA)
Source of classification or shelving scheme Dewey Decimal Classification
Item type English Books
Classification part 954.6053
Call number suffix ASS
Holdings
Withdrawn status Lost status Not for loan Collection code Home library Current library Date acquired Source of acquisition Cost, normal purchase price Full call number Barcode Copy number Cost, replacement price Koha item type
      Non-fiction Ashok Vihar Ashok Vihar 09/03/2021 DBAD/PUB 595.00 954.6053 ASS EN-112717 1 595.00 English Books

© Delhi Public Library
Hit Counter
free hit counter